000
00210nam a22000857a 4500
008
160713b xxu||||| |||| 00| 0 eng d
100
_9
2715
_a
Parker S
245
_a
100 Facts Sharks
260
_a
China
_b
Mikeskelly
_c
2009
999
_c
2357
_d
2357